000 01448namaa22003251i 4500
003 EG-GICUC
005 20260304115134.0
008 260304s1988 le ||||jr|||| 000 0 ara d
040 _aEG-GiCUC
_bara
_cEG-GiCUC
_dEG-GiCUC
_erda
082 0 4 _221
_a411.7
_bQ95
092 0 4 _221
_a411.7
_bQ95
099 _a411.7 Q95
100 1 _aالقرشي، عبد الرحيم بن علىبن شيث
_d550-625ه
_eمؤلف.
245 1 0 _aكتاب معالم الكتابة ومغانم الاصابة /
_cإنشاء القاضى عبد الرحيم بن على بن شيث القرشى ؛ عنى بتحقيقه وضبطه وتعليق حواشيه محمد حسين شمس الدين
250 _aالطبعة الاولى
264 _aبيروت (لبنان) :
_bدار الكتب العلمية،
_c1988.
300 _a263 صفحة ؛
_c24 سم
336 _2rdacontent
_atext
337 _2rdamedia
_aUnmediated
338 _2rdacarrier
_avolume
504 _aيشتمل على ارجاعات ببليوجرافية.
541 _aد. جابر عصفور ؛
_bالقاهرة ؛
_cإهداء ؛
_d2024.
600 _aالقرشى، عبد الرحيم بن على بن شيث
_d550-625ه
650 1 7 _aالكتابة العربية القديمة
_2qrmak
650 1 7 _aالكتابة العربية، علم
_2qrmak
651 1 _2qrmak
700 1 _aشمس الدين، محمد حسين
_eمحقق.
905 _aNermeen
942 _2ddc
_cBK
_e21
_n0
999 _c178867
_d178867